| 000 | 00683nam a2200241 a 4500 | ||
|---|---|---|---|
| 001 | 60210 | ||
| 003 | BD-RjUL | ||
| 005 | 20211209080820.0 | ||
| 008 | 161229s1995 nyua 001 0 eng | ||
| 020 | _a0195637941 | ||
| 035 | _a(BD-RjUL)60334 | ||
| 040 |
_aDLC _cDLC _dDLC _dBD-RjUL _beng |
||
| 041 | _aeng | ||
| 082 | 0 | 0 |
_223 _a338.9 _bMEL 1995 |
| 100 | 1 |
_aMeier, Gerald M. _9179250 |
|
| 245 | 1 | 0 |
_aLeading issues in economic development / _cGerald M. Meier. |
| 250 | _a6th ed. | ||
| 260 |
_aNew Delhi : _bOxford University Press, _cc1995. |
||
| 300 |
_axx, 591 p. : _bill. ; _c26 cm. |
||
| 500 | _aIncludes index. | ||
| 650 | 0 |
_aEconomic development. _9170469 |
|
| 942 |
_2ddc _cBK |
||
| 999 |
_c60210 _d60210 |
||